01707cam a2200373Ii 4500999001700000001001400017003000400031005001700035006001900052008004100071020003400112020003300146020003400179020003400213020003000247024003200277035002100309040001100330043001200341050002200353082002000375100003300395245007000428250002000498264003000518300004000548490004800588505046000636650006001096650003601156776005301192856007501245942001301320 c27492d274929780203796535OSt20240802120307.0a|||||o|||| 00| 0 180706s2007 enk ob 001 0 eng d a9780203796535q(e-book : PDF) a9781135135744q(e-book: PDF) a9781135135812q(e-book: ePub) a9781135135881q(e-book: Mobi) z9781843116318q(hardback)7 a10.4324/9780203796535 2doi a(OCoLC)841809136 cimu-kc ae-uk--- 4aKD1697b.T63 200704a346.41082bT6351 aTodd, Paul,d1954-,eauthor.10aBills of lading and bankers' documentary credits /cby Paul Todd. aFourth edition. 1aLondon :bInforma,c2007. a1 online resource (xxvi, 335 pages)0 aEssential maritime and transport law series0 a1. Introduction to bills of lading and bankers' documentary credits -- 2. The documentary credit in general terms -- 3. Documents used in international trade -- 4. The contract of sale -- 5. The documents as security I : lost, damaged or misdescribed goods -- 6. The documents as security II : property -- 7. The documents as security III : possession -- 8. Documentation and the UCP -- 9. Banks' duties to accept or reject presentation -- 10. Conclusion. 0aDocumentary creditxLaw and legislationzGreat Britain. 0aBills of ladingzGreat Britain.08iPrint version: z9781843116318w(DLC) 200842830640uhttps://www.taylorfrancis.com/books/9781135135744zClick here to view. 2ddccEBK